Corporate governance in India - a 21st century perspective (Record no. 45481)

000 -LEADER
fixed length control field 01184pab a2200157 454500
008 - FIXED-LENGTH DATA ELEMENTS--GENERAL INFORMATION
fixed length control field 180718b2000 xxu||||| |||| 00| 0 eng d
100 ## - MAIN ENTRY--PERSONAL NAME
Personal name Sangmi, Mohi-ud-din
245 ## - TITLE STATEMENT
Title Corporate governance in India - a 21st century perspective
260 ## - PUBLICATION, DISTRIBUTION, ETC.
Date of publication, distribution, etc. 2000
300 ## - PHYSICAL DESCRIPTION
Extent p.55-76
520 ## - SUMMARY, ETC.
Summary, etc. Corporate governance is a buzz word in the business and corporate circles nowadays. A company is now considered a social institution, interacting with the society in many ways and affecting its citizens. This institution should be governed in a rational manner, is the concern of all concious citizens - shareholders, employees, creditors, customers and government. With the onset of new millennium corporate governance has been debated with added dimensions, the world over including India. In this paper, an attempt has been made to analyse the corporate governance practices in India and signal the organisations with the new challenges of the 21st century that would have a direct or indirect bearing on the corporate governance of Indian corporate. - Reproduced
650 ## - SUBJECT ADDED ENTRY--TOPICAL TERM
Topical term or geographic name entry element Financial markets - India - 21st century
650 ## - SUBJECT ADDED ENTRY--TOPICAL TERM
Topical term or geographic name entry element Management
773 ## - HOST ITEM ENTRY
Main entry heading Business Review
909 ## -
-- 45481
Holdings
Withdrawn status Lost status Damaged status Not for loan Permanent Location Current Location Date acquired Serial Enumeration / chronology Barcode Date last seen Price effective from Koha item type
        Indian Institute of Public Administration Indian Institute of Public Administration 2018-07-19 Volume no: 6, Issue no: 1-2 AR45904 2018-07-19 2018-07-19 Articles

Powered by Koha